header

Kant's Critique of aesthetic judgement (Record no. 240344)

MARC details
000 -LEADER
fixed length control field 01658nam a2200433 a 4500
082 04 - DEWEY DECIMAL CLASSIFICATION NUMBER
Classification number 121
100 1# - MAIN ENTRY--AUTHOR NAME
Personal name Hughes, Fiona,
245 10 - TITLE STATEMENT
Title Kant's Critique of aesthetic judgement
260 ## - PUBLICATION, DISTRIBUTION, ETC. (IMPRINT)
Place of publication London ;
-- New York :
Name of publisher Continuum,
Year of publication c2010.
300 ## - PHYSICAL DESCRIPTION
Number of Pages viii, 196 p.
490 1# - SERIES STATEMENT
Series statement Continuum reader's guides
505 0# - FORMATTED CONTENTS NOTE
Formatted contents note Context -- Overview of themes -- Reading the text -- Reception and influence -- Notes for further reading.
650 #0 - SUBJECT ADDED ENTRY--TOPICAL TERM
Topical Term Judgment (Logic)
Topical Term Judgment (Aesthetics)
Topical Term Aesthetics.
Topical Term Teleology.
856 40 - ELECTRONIC LOCATION AND ACCESS
Uniform Resource Identifier http://site.ebrary.com/lib/rucke/Doc?id=10427224

No items available.

© 2026 Rongo University
Contact us: librarian | system librarian | Rongo university